00480nam a2200181Ia 450000500170000000800410001704000190005804100120007708200130008910000170010224500440011925000390016326000290020230000200023150400190025165000180027085000100028820231110121430.0131103s9999 xx 000 0 und d aLoreto College aEnglish a709bHAM aHamlyn, Paul aArt Treasures of the WorldcPaul Hamlyn a an illustrated history in colour  aLondonbThe Authorc1964 a287 p.b illus. aIncludes index aArt - History aLCLIB